000 01110nam0a2200277 4500
001 RU\NLR\ONL1\8218
005 20250613115827.0
035 _a(NLR Aleph) 009636968
090 _a9529596
_c9529596
100 _a20060410d1961 |||y0rusy50 ca
101 0 _audm
102 _aRU
105 _ay |||||||||
200 1 _aУдмурт калык пословицаос, поговоркаос
_fИсторияя, экономикая, литературая но кылъя науч.-исслед. ин-т
_gДасяз филологической наукаосъя канд. Н. П. Кралина
210 _aИжевск
_cУдмурт. кн. изд-во
_d1961
215 _a188 с.
_d15
541 1 _aПословицы и поговорки удмуртского народа
_zrus
606 0 _aУдмуртский фольклор
_9962126
_3RU\NLR\auth\66359564
686 1 _aШ3(235=У)-651
702 1 _aКралина
_bН. П.
_4220
801 0 _aRU
_bNLR
_c20060410
_gPSBO
852 _aNLR
_bОНЛ
_jУдмур./1-247
942 _cBOOK
980 _aNB